000 01025 a2200301 4500
003 BJBSDDR
005 20260423115251.0
007 ta
008 250910s2007 fr 00| 0 fre d
020 _a9782247070787
020 _a2247070787
040 _beng
_cBJBSDDR
041 _afre
050 1 4 _aR K 50
_bL819 2007
245 0 0 _aLocutions latines juridiques /
_c[édité par Serge Guinchard et Gabriel Montagnier].
250 _a[Nouvelle édition]
260 _a[Paris] :
_bEditions Dalloz,
_c2007
300 _avi, 118 pages :
_bcouv. illustrations en coul. ;
_c12 cm.
490 1 _aÀ savoir
500 _aExtr. du "Lexique des termes juridiques" de Dalloz
500 _aExtrait, pour l'essentiel, de: Lexique des termes juridiques, de Raymond Guillien.
650 4 _aDerecho
_vDiccionarios
_915575
700 1 _aGuinchard, Serge,
_d1946-
_95017
_eeditor
700 1 _aMontagnier, Gabriel,
_d1932-2009
_935134
_eeditor
830 0 _aÀ savoir (Paris)
_946189
942 _2lcc
_cBK
946 _irmza
999 _c125120
_d125120